=LDR 00000nam 2200000 4500 =001 INLIS000000000810585 =005 20260613095129 =035 ##$$a 0010-0626000022 =007 ta =008 260613################g##########0#ara## =082 ##$$a 297.14 =084 ##$$a 297.14 IMA a =100 #$$a Imam Abi Zakariya Yahya bin Syaraf bin Hasan An-Nawawi =245 1#$$a Al-Majmu' Syarh Al-Muhadzdzab =250 ##$$a Cetakan 2 =260 ##$$a Kairo :$b Al Maktabah At Tawfiqiyah,$c 2016 =300 ##$$a 618 hlm. : $b ilustrasi ; $c 24 cm =700 #$$a Muhammad Najib al Muthi'i =600 #4$$a Fikih Islam Mazhab Syafi'i Hukum Islam Fikih Ibadah dan Muamalah =500 ##$$a Buku ini merupakan hibah dari santri kelas XII Angkatan 3